|
|
|
|
| LEADER |
02162nam a2200337 a 4500 |
| 001 |
13337750 |
| 003 |
BD-DhAAL |
| 008 |
090706s2005 ohua b 001 0 eng d |
| 010 |
|
|
|a 2003112589
|
| 020 |
|
|
|a 0324260296 (package)
|
| 020 |
|
|
|a 0324224710 (core)
|
| 040 |
|
|
|a DLC
|c DLC
|d DLC
|d BD-DhAAL
|
| 082 |
0 |
0 |
|a 338.5
|2 22
|
| 100 |
1 |
|
|a Wetzstein, Michael Eugene.
|9 57437
|
| 245 |
1 |
0 |
|a Microeconomic theory :
|b concepts and connections /
|c Michael E. Wetzstein.
|
| 260 |
|
|
|a Mason, OH :
|b Thomson/South-Western,
|c c2005.
|
| 300 |
|
|
|a xvii, 822 pages :
|b illustrations ;
|c 27 cm.
|
| 500 |
|
|
|a Various multi-media instructional materials are available to supplement the text.
|
| 504 |
|
|
|a Includes bibliographical references (p. 794-797) and index.
|
| 526 |
|
|
|x Fahmida Saadia Rahman
Senior Lecturer
ESS
Course name and no. N/A
|
| 541 |
1 |
|
|a D.S. Books International
|e 00018727
|
| 650 |
|
0 |
|a Microeconomics.
|
| 650 |
|
0 |
|a Economics, Mathematical.
|
| 650 |
|
0 |
|a Microeconomics
|v Problems, exercises, etc.
|9 57438
|
| 852 |
4 |
|
|a Ayesha Abed Library
|j General Shelf.
|
| 942 |
0 |
0 |
|0 1
|2 ddc
|c BK
|
| 999 |
|
|
|c 2042
|d 2042
|
| 952 |
|
|
|0 0
|1 0
|2 ddc
|4 0
|6 338_500000000000000_WET_2005
|7 0
|9 1878
|a BRACUL
|b BRACUL
|c GEN
|d 2009-07-06
|e D.S. Books International
|g 21120.00
|l 8
|m 45
|o 338.5 WET
|p 3010018727
|r 2025-04-22
|s 2025-03-15
|t 1
|w 2009-07-06
|y BK
|x Requisitioned by Fahmida Saadia Rahman Department of ESS. Course name and no. N/A
|
| 952 |
|
|
|0 0
|1 4
|2 ddc
|4 0
|6 338_500000000000000_WET
|7 0
|9 5644
|a BRACUL
|b BRACUL
|c GEN
|d 2009-11-21
|g 21120.00
|l 0
|o 338.5 WET
|p 3010018725
|r 2009-11-21
|t 2
|w 2009-11-21
|y BK
|x Koha Inventory 2020
|
| 952 |
|
|
|0 0
|1 0
|2 ddc
|4 0
|6 338_500000000000000_WET_2005
|7 0
|9 8742
|a BRACUL
|b BRACUL
|c GEN
|d 2010-03-23
|e D.S. Books International
|g 13500.00
|l 4
|m 9
|o 338.5 WET
|p 3010018726
|r 2023-04-09
|s 2023-03-28
|t 3
|w 2010-03-23
|y BK
|x Requisitioned by Fahmida Saadia Rahman Department of ESS. Course name and no. N/A
|
| 952 |
|
|
|0 0
|1 0
|2 ddc
|4 0
|6 338_500000000000000_WET_2005
|7 0
|9 9067
|a BRACUL
|b BRACUL
|c GEN
|d 2010-04-07
|e D.S. Books International
|g 13500.00
|l 2
|m 20
|o 338.5 WET
|p 3010018724
|r 2013-11-08
|s 2013-09-22
|t 4
|w 2010-04-07
|y BK
|x Requisitioned by Fahmida Saadia Rahman Department of ESS. Course name and no. N/A
|